000 00544nam a2200193Ia 4500
001 68784
008 150918s9999 xx 000 0 und d
020 _a0874365287
040 _cPK-LaUMT
082 _aRCC 363.73920973
_bMIL-E
100 _aMiller, E. Willard
245 _aEnvironmental hazards
_bair pollution : a reference handbook
_cMiller, E. Willard|Miller, Ruby M.
260 _aSanta Barbara,USA:
_bABC-Clio,
_c1989
300 _a250 p.
546 _aEN
650 _aAir-Pollution-USA
700 _aMiller, Ruby M.
942 _cBK
999 _c76357
_d76357